Normal view
MARC view
Entry Personal Name
001 - CONTROL NUMBER
- control field: 556319
003 - CONTROL NUMBER IDENTIFIER
- control field: OSt
005 - DATE AND TIME OF LATEST TRANSACTION
- control field: 20220930094811.0
008 - FIXED-LENGTH DATA ELEMENTS
- fixed length control field: 220930|| aca||aabn | a|a d
040 ## - CATALOGING SOURCE
- Original cataloging agency: OSt
- Transcribing agency: OSt
100 ## - HEADING--PERSONAL NAME
- Personal name: प्रो. शकुन्तला पुन्जानी, गा
670 ## - SOURCE DATA FOUND
- Source citation: Work cat.: (OSt)887701: आशीष कुमार, अद्वैतदीपिका में तत्त्वमीमांसा, 2013
